| 000 | 00635cam a22001935a 4500 | ||
|---|---|---|---|
| 001 | L155976 | ||
| 008 | 120424s1870 xxk f 000 0 eng d | ||
| 035 | _a(Sirsi) u155976 | ||
| 041 | 0 | _aeng | |
| 100 | 1 |
_aMorris, William O'Connor _d1824-1904 |
|
| 245 | 0 | 0 | _aLetters on the land question of Ireland |
| 260 |
_aLondon _bLongmans, Green _c1870 |
||
| 300 |
_axvii, 348 p. _bfront. (fold. map.) _c20 cm. |
||
| 520 | _aWritten for the 'Times,' "and published from time to time in that journal." | ||
| 583 |
_aCondition reviewed _c20120620 _lcondition level 1 |
||
| 651 | 4 | _aIreland (Island of) | |
| 690 |
_aLand use _96251 |
||
| 942 | _n0 | ||
| 999 |
_c113956 _d113956 |
||